| 000 | 00442nam a2200133Ia 4500 | ||
|---|---|---|---|
| 008 | 220216s9999 xx 000 0 und d | ||
| 100 | _aOsanaiye Gabriel J | ||
| 245 | 0 | _aRheological properties of rubber-carbon black and carbon black oil compounds including measurements at very low shear stresses | |
| 260 |
_bRubber Chemistry and Technology _c1995 |
||
| 300 | _a50-58 | ||
| 700 | _aLeonov Arkadii | ||
| 700 | _aWhite James L | ||
| 942 | _cJS | ||
| 999 |
_c67073 _d67073 |
||